• 首页
  • 本馆介绍
  • 公告通知
  • 最新文献
  • 馆藏检索
  • 电子资源
  • 读者导购
  • 参考咨询
  • 我的图书馆
  • 登录
  • 详细信息显示
  • 放入我的书架
  • 预约/预借图书
  • 作者相关作品
  • 分类相关作品
  • 丛书相关作品
  • 出版社相关作品

书目信息

  • 表格格式
  • 工作单格式
  • 卡片格式
题名:
陕西民歌七首
    
 
作者: 黎琦 编词 ;屠冶九 编配
分册:  
出版信息: 北京   中央音乐学院出版社  2013
页数: 28页
开本: 31cm
丛书名:
单 册:
中图分类: J642.224.1
科图分类:
主题词: 民歌--作品集--陕西 , 民歌
电子资源:
ISBN: 978-7-81096-542-2
000 00973ncm0 2200277 450
001 006925493
005 20140609144709.75
010    @a978-7-81096-542-2@dCNY18.00
100    @a20131128d2013 em y0chiy50 ea
101 0  @achi
102    @aCN@b110000
105    @ag z 000yy
106    @ar
200 1  @a陕西民歌七首@9shan xi min ge qi shou@dArrangements of seven folksongs from Shanxi@f黎琦编词@g屠冶九编配@zeng
210    @a北京@c中央音乐学院出版社@d2013
215    @a28页@d31cm
300    @a西安音乐学院重点学科建设项目 西北民族音乐研究中心成果
330    @a本书收录陕西民歌七首,包括:蓝花花、五哥放羊、赶牲灵·脚夫调、绣荷包、扬燕麦、想情郎、绣香包。
510 1  @aArrangements of seven folksongs from Shanxi@zeng
606 0  @a民歌@x作品集@y陕西
606 0  @a民歌
690    @aJ642.224.1@v4
701  0 @a黎琦@9li qi@f(1943~)@4编词
702  0 @a屠冶九@9tu ye jiu@f(1927~)@4编配
801  0 @aCN@bNLC@c20140207
905    @b548571-73@dJ642.224.1@e236@f3
    
    陕西民歌七首=Arrangements of seven folksongs from Shanxi/黎琦编词/屠冶九编配.-北京:中央音乐学院出版社,2013
    28页;31cm
    西安音乐学院重点学科建设项目 西北民族音乐研究中心成果
    
    ISBN 978-7-81096-542-2:CNY18.00
    本书收录陕西民歌七首,包括:蓝花花、五哥放羊、赶牲灵·脚夫调、绣荷包、扬燕麦、想情郎、绣香包。
●
相关链接 在E读中查询图书 在五车中查询图书 在当当中查询图书 在豆瓣中查询图书


正题名:陕西民歌七首     索取号:J642.224.1/236         预约/预借

序号 登录号 条形码 馆藏地/架位号 状态 备注
1 548571   205485713   第一样本阅览室/ [索取号:J642.224.1/236] 在馆    
2 548572   205485722   第一借阅区/ [索取号:J642.224.1/236] 在馆    
3 548573   205485731   密集书库-音乐系/ [索取号:J642.224.1/236] 在馆    
唐山师范学院图书馆 欢迎您!
大连网信软件有限公司© 版权所有